000 00562nam a22001577a 4500
008 230713b |||||||| |||| 00| 0 eng d
020 _a9780470887998
050 _aQA 76.585
_b.C58 2011
100 _aBuyya,Rajkumar
245 _aCloud computing /
_bPrinciples and paradigms.
_cRajkumar Buyya, James Broberg, Andrzej Goscinski.
260 _aCanada:
_bWiley,
_c2011.
300 _axxv, 661p.:
_bill;
_c22cm
500 _aincludes bibliographical references and index,
650 _acloud computing.
942 _2lcc
_cBOOKS
_hQA 76.585.C58 2011
999 _c31646
_d31646